000 00649cam a2200229 a 4500
001 326
003 BR-CuiBMT
005 20231114025411.0
008 231025s2010 mgba 001 0 por d
020 _a9788577002894
040 _aBR-CuiBMT
_cBR-CuiBMT
080 _22007
_a340.13
090 _a340.13
_bA485p
100 1 _aAmaral, Antônio Carlos Cintra do
245 1 2 _aO positivismo jurídico /
_cAntônio Carlos Cintra do Amaral.
260 _aBelo Horizonte :
_bFórum,
_c2010.
300 _a122 p. ;
_c21 cm
504 _aInclui bibliografia e índice.
650 _aDireito
_xFilosofia
650 _aPositivismo jurídico
942 _2udc
_cLV
999 _c326
_d326